| 000 | 00799 a2200217 4500 | ||
|---|---|---|---|
| 010 | _aENG-85163 | ||
| 020 |
_a8175345144 _c350.00 |
||
| 035 | _aEN-68696 | ||
| 037 | _bD.B.Act / Pub | ||
| 082 | 1 | 4 | _a345.40764 |
| 090 |
_c1557 _d1557 |
||
| 100 | 1 | _aParameswaran, S. | |
| 245 | 1 |
_aLaw of affidavits _cby S.Parameswaran |
|
| 250 | _a2nd ed. | ||
| 260 |
_aNew Delhi _bUniversal Law Publishing _c2006 |
||
| 270 |
_aC-FF-1A, Dilkhush Induatrial Estate, Opp. Hans Cinema, G. T. Karnal Raod, Azadpur _bDelhi _e110 033 _k011- 27438103, 011-27215334, 011-52381334 _l011-27458529 _medit@unilawbooks.com |
||
| 300 |
_axxxi, 356p. _b24 cm (Hb.) |
||
| 500 | _aIncludes index | ||
| 942 |
_adpl _cEN _k345.40764 / PAR |
||
| 999 |
_c1532 _d1532 |
||